00687nam a22002057a 450000500170000001000150001702000260003203500130005803700130007108200150008410000160009924501230011526000310023827000790026930000370034850000500038560000060043570000220044170000180046320140307151038.0 aENG-108647 a9780415844352c895.00 aEN-92180 bDBAD/PUB a307.760954 aDey, Ishita aBeyond Kolkata :cby Ishita Dey, Ranabir Samaddar [and] Suhit K. SenbRajarhat and the dystopia of urban imagination / aNew Delhic2013bRoutledge a912, Tolstoy House, 15-17 Tolstoy Marg, Connaught PlacebNew Delhie110001 axvi,265p. :c23cm(Hb)bill.,maps aIncludes bibliographical references and index d  aSamaddar, Ranabir aSen, Suhit K.